[Event "Karpacz op"]
[Site "Karpacz"]
[Date "2013.07.30"]
[Round "9"]
[White "Luczka, Szymon"]
[Black "Bednarek, Sylwester"]
[Result "1-0"]
[WhiteElo "1651"]
[BlackElo "2336"]
[PlyCount "119"]
[EventDate "2013.07.22"]
[EventType "swiss"]
[EventRounds "9"]
[EventCountry "POL"]
[SourceTitle "EXT 2014"]
[Source "ChessBase"]
[SourceDate "2013.11.20"]
[SourceVersion "1"]
[SourceVersionDate "2013.11.20"]
[SourceQuality "1"]

1. d4 Nf6 2. Nf3 c5 3. d5 e6 4. c4 exd5 5. cxd5 Bd6 6. Nc3 0-0 7. Bg5 Re8 8. e3 a6 9. a4 Bc7 10. Bd3 d6 11. h3 Ba5 12. 0-0 Nbd7 13. Re1 Nf8 14. e4 h6 15. Bf4 Ng6 16. Bh2 Qc7 17. Nd2 Ne5 18. Bc2 c4 19. Qe2 Nfd7 20. Kh1 Qb6 21. Rab1 Qd4 22. Bf4 Qc5 23. Be3 Qb4 24. f4 Nd3 25. Bxd3 cxd3 26. Qxd3 Nc5 27. Bxc5 dxc5 28. Nc4 Bd8 29. b3 b5 30. Nd2 Ba5 31. Rbc1 Qd4 32. Qc2 Bd7 33. Nf3 Qf6 34. Qd2 bxa4 35. bxa4 Rab8 36. e5 Qf5 37. g4 Qg6 38. f5 Bxf5 39. gxf5 Qxf5 40. Qg2 Rb3 41. Re3 Qf4 42. Qe2 Rb2 43. Qxb2 Qxe3 44. Kg2 Qd3 45. Qc2 Qc4 46. Qe4 Qb3 47. Qc2 Qc4 48. d6 Rb8 49. Ne4 Qd5 50. Nxc5 g5 51. e6 Qxd6 52. Nd7 Rd8 53. exf7+ Kxf7 54. Qh7+ Ke8 55. Nde5 Qe6 56. Qh8+ Ke7 57. Nc6+ Kd7 58. Qd4+ Ke8 59. Nxd8 Qc6 60. Nxc6 1-0

[Event "Krakow Malopolski-chB"]
[Site "Krakow"]
[Date "2013.04.29"]
[Round "2"]
[White "Luczka, Szymon"]
[Black "Drop, Szymon"]
[Result "1-0"]
[WhiteElo "1596"]
[BlackElo "1789"]
[PlyCount "138"]
[EventDate "2013.04.28"]
[EventType "swiss"]
[EventRounds "9"]
[EventCountry "POL"]
[SourceTitle "CBM 154 Extra"]
[Source "ChessBase"]
[SourceDate "2013.06.25"]
[SourceVersion "2"]
[SourceVersionDate "2013.06.25"]
[SourceQuality "1"]

1. d4 d5 2. c4 e6 3. Nc3 Nf6 4. Bg5 Be7 5. e3 0-0 6. Nf3 b6 7. cxd5 exd5 8. Bd3 Bb7 9. Qc2 h6 10. Bxf6 Bxf6 11. g4 c5 12. 0-0-0 c4 13. Be2 Bh4 14. Nxh4 Qxh4 15. Qf5 Na6 16. Rdg1 g6 17. Qf3 Nc7 18. g5 b5 19. Rg4 Qh5 20. Qg3 Ne6 21. f4 hxg5 22. Rxg5 Qh6 23. Rh5 Qg7 24. Rh4 b4 25. Nd1 f5 26. Rg1 Kf7 27. Qh3 Rh8 28. Bh5 Nf8 29. Qxf5+ Qf6 30. Bxg6+ Nxg6 31. Qd7+ Qe7 32. Qf5+ Qf6 33. Qd7+ Qe7 34. Qf5+ Qf6 35. Qd7+ Ne7 36. Rxh8 Qxh8 37. Qxb7 b3 38. axb3 Rb8 39. Qd7 cxb3 40. Rg2 Rc8+ 41. Nc3 Qh4 42. Kd2 Qh7 43. f5 Rc6 44. Kd3 Qh5 45. Nxd5 Qd1+ 46. Ke4 Qb1+ 47. Ke5 Qxf5+ 48. Qxf5+ Nxf5 49. Kxf5 Rc2 50. Rg1 Rxb2 51. Ke4 a5 52. Nc3 Rxh2 53. Rb1 a4 54. Nxa4 Ra2 55. Nc3 Ra3 56. Kd3 Ke6 57. Kc4 Ra8 58. Rxb3 Rc8+ 59. Kd3 Rh8 60. e4 Rh3+ 61. Kc4 Kd7 62. e5 Kc7 63. d5 Rh4+ 64. Kc5 Rh5 65. e6 Rh7 66. Nb5+ Kd8 67. d6 Rh6 68. Nd4 Kc8 69. Kc6 Rh5 1-0

[Event "Tomaszow Lubelski Cup"]
[Site "Tomaszow Lubelski"]
[Date "2011.01.18"]
[Round "?"]
[White "Luczka, Szymon"]
[Black "Kurzepa, Bartlomiej"]
[Result "0-1"]
[WhiteElo "1577"]
[BlackElo "1673"]
[PlyCount "88"]
[EventDate "2011.01.17"]
[EventType "tourn"]
[EventRounds "7"]
[EventCountry "POL"]
[SourceTitle "EXT 2023"]
[Source "ChessBase"]
[SourceDate "2022.10.05"]
[SourceVersion "1"]
[SourceVersionDate "2022.10.05"]
[SourceQuality "1"]

1. e4 b6 2. d4 Bb7 3. Nc3 e6 4. Bd2 Bb4 5. Bd3 Nf6 6. Qe2 d5 7. e5 Nfd7 8. Qg4 Bxc3 9. bxc3 g6 10. Bg5 Qc8 11. h4 h5 12. Qh3 c5 13. Bxg6 Nf8 14. Bf6 Nxg6 15. Bxh8 Nxh8 16. Ne2 Nd7 17. f4 Qc6 18. 0-0 0-0-0 19. a4 Ba6 20. Qe3 Ng6 21. g3 Rg8 22. Kh2 Ne7 23. Rg1 Nf5 24. Qf2 Bc4 25. dxc5 Qxc5 26. Nd4 Rg4 27. Qd2 Qc7 28. Nxf5 exf5 29. Qe3 Nc5 30. Qd4 Ne6 31. Qe3 Qc5 32. Qd2 Qc6 33. Qe3 Nc5 34. a5 b5 35. Qd4 Kb7 36. e6 Nxe6 37. a6+ Qxa6 38. Qf6 Qb6 39. Qxf7+ Nc7 40. Qxf5 Be2 41. Rg2 Bf3 42. Rd2 Be4 43. Qxh5 Qe3 44. Qxg4 Qxd2+ 0-1

[Event "POL-ch qual U13"]
[Site "Lublin"]
[Date "2010.09.24"]
[Round "5.3"]
[White "Czerw, Dawid"]
[Black "Luczka, Szymon"]
[Result "1-0"]
[WhiteElo "1723"]
[BlackElo "1571"]
[PlyCount "123"]
[EventDate "2010.09.22"]
[EventType "swiss"]
[EventRounds "9"]
[EventCountry "POL"]
[SourceTitle "EXT 2023"]
[Source "ChessBase"]
[SourceDate "2022.10.05"]
[SourceVersion "1"]
[SourceVersionDate "2022.10.05"]
[SourceQuality "1"]

1. d4 d5 2. c4 Nc6 3. e3 e6 4. Nc3 Nf6 5. Bd3 Be7 6. Nf3 0-0 7. a3 dxc4 8. Bxc4 Nd5 9. 0-0 a6 10. Bd3 Re8 11. Qc2 h6 12. Bd2 Bf8 13. Rac1 Nb6 14. Ne4 Bd7 15. Bc3 Nd5 16. Rfd1 Rc8 17. Ng3 Nf6 18. b4 Bd6 19. Qb2 Qe7 20. e4 e5 21. d5 Na7 22. Bd2 Kh7 23. Be3 Ra8 24. Bc5 Rec8 25. Nd2 g6 26. Nb3 Bb5 27. f3 Bxd3 28. Rxd3 b6 29. Be3 h5 30. Bg5 Kg7 31. Ne2 a5 32. Nd2 axb4 33. axb4 Bxb4 34. Nc4 Bd6 35. Ra1 Bc5+ 36. Kf1 Re8 37. Ra2 b5 38. Na5 Rab8 39. Qc2 Bb6 40. Rc3 Qd7 41. Nc6 Nxc6 42. Rxc6 Nh7 43. Bc1 Ra8 44. Rxa8 Rxa8 45. Qd2 g5 46. Ng3 h4 47. Nf5+ Kh8 48. Qb2 f6 49. Qxb5 Ra5 50. Qb2 Kg8 51. Bd2 Ra8 52. Bb4 Nf8 53. Bc3 Ng6 54. Rxf6 Kh7 55. Rc6 Qc8 56. Qb5 Rb8 57. Qc4 Qe8 58. d6 cxd6 59. Nxd6 Qd8 60. Qf7+ Kh6 61. Nf5+ Kh5 62. Qh7# 1-0

[Event "POL-ch qual U13"]
[Site "Lublin"]
[Date "2010.09.23"]
[Round "3.3"]
[White "Kurdzialek, Stanislaw"]
[Black "Luczka, Szymon"]
[Result "0-1"]
[WhiteElo "1720"]
[BlackElo "1571"]
[PlyCount "84"]
[EventDate "2010.09.22"]
[EventType "swiss"]
[EventRounds "9"]
[EventCountry "POL"]
[SourceTitle "EXT 2023"]
[Source "ChessBase"]
[SourceDate "2022.10.05"]
[SourceVersion "1"]
[SourceVersionDate "2022.10.05"]
[SourceQuality "1"]

1. e4 c5 2. Nf3 d6 3. d4 cxd4 4. Nxd4 Nf6 5. Nc3 a6 6. Bg5 e6 7. Be2 Be7 8. 0-0 Qc7 9. Qd2 Nbd7 10. Rad1 b5 11. a3 Bb7 12. Bf3 h6 13. Bxf6 Nxf6 14. Rfe1 0-0 15. Qd3 Nd7 16. b3 Rac8 17. Nce2 Nc5 18. Qc3 Nxe4 19. Qxc7 Rxc7 20. Ng3 Nxg3 21. Bxb7 Rxb7 22. hxg3 Rc8 23. Re2 Rbc7 24. f4 g6 25. g4 Kf8 26. Kf1 Rc3 27. Rd3 Rxd3 28. cxd3 Rc3 29. Rc2 Rxd3 30. Rc8+ Kg7 31. Nc6 Bh4 32. Ke2 Rxb3 33. Ra8 Rxa3 34. Nb4 a5 35. Nc6 a4 36. Nd4 Ra2+ 37. Kf3 b4 38. Ra7 Kf6 39. Nc6 e5 40. Nd8 Rf2+ 41. Ke4 Rxf4+ 42. Ke3 Bf2+ 0-1

[Event "POL-ch qual U13"]
[Site "Lublin"]
[Date "2010.09.22"]
[Round "2.2"]
[White "Luczka, Szymon"]
[Black "Buraczewski, Rafal"]
[Result "1/2-1/2"]
[WhiteElo "1571"]
[BlackElo "1654"]
[PlyCount "91"]
[EventDate "2010.09.22"]
[EventType "swiss"]
[EventRounds "9"]
[EventCountry "POL"]
[SourceTitle "EXT 2023"]
[Source "ChessBase"]
[SourceDate "2022.10.05"]
[SourceVersion "1"]
[SourceVersionDate "2022.10.05"]
[SourceQuality "1"]

1. e4 e6 2. d4 d5 3. Nc3 dxe4 4. Nxe4 Bd7 5. Nf3 Bc6 6. Bd3 Bxe4 7. Bxe4 c6 8. Be3 Nf6 9. Bd3 Bd6 10. c3 Nbd7 11. Qc2 Qc7 12. h3 0-0-0 13. a4 Nd5 14. Bd2 Bf4 15. c4 Bxd2+ 16. Qxd2 Nf4 17. g3 Nxd3+ 18. Qxd3 Ne5 19. Nxe5 Qxe5+ 20. dxe5 Rxd3 21. Ke2 Rd4 22. b3 Re4+ 23. Kf3 Rxe5 24. Rad1 Rd8 25. g4 Rd7 26. h4 Kd8 27. Rhg1 Rxd1 28. Rxd1+ Ke7 29. b4 g6 30. a5 f5 31. gxf5 exf5 32. Rd4 Re6 33. c5 Re5 34. Kf4 Re2 35. f3 Kf7 36. Kg5 Re7 37. Rd6 Kg7 38. h5 h6+ 39. Kf4 gxh5 40. Kg3 f4+ 41. Kh4 a6 42. Kxh5 Re5+ 43. Kg4 Re7 44. Kxf4 Rf7+ 45. Kg4 Rf6 46. Rd7+ 1/2-1/2

[Event "POL-ch qual U13"]
[Site "Lublin"]
[Date "2010.09.22"]
[Round "6.4"]
[White "Luczka, Szymon"]
[Black "Gierda, Piotr"]
[Result "1/2-1/2"]
[WhiteElo "1571"]
[BlackElo "1515"]
[PlyCount "80"]
[EventDate "2010.09.22"]
[EventType "swiss"]
[EventRounds "9"]
[EventCountry "POL"]
[SourceTitle "EXT 2023"]
[Source "ChessBase"]
[SourceDate "2022.10.05"]
[SourceVersion "1"]
[SourceVersionDate "2022.10.05"]
[SourceQuality "1"]

1. e4 e5 2. Nf3 Nc6 3. Bb5 Nf6 4. 0-0 a6 5. Bxc6 bxc6 6. Nxe5 Bc5 7. Nc3 0-0 8. Nf3 d6 9. a3 Bg4 10. d3 h6 11. Be3 Bb6 12. h3 Bh5 13. Nb1 Rb8 14. Bxb6 cxb6 15. Nbd2 Re8 16. c3 Qd7 17. Re1 Re7 18. a4 a5 19. Qc2 Bg6 20. b4 Qc8 21. bxa5 bxa5 22. Nc4 Qd8 23. Rab1 Rxb1 24. Rxb1 Nxe4 25. Qb2 Nc5 26. Qb8 Re8 27. Qxd8 Rxd8 28. Nxa5 Bxd3 29. Rb6 Nxa4 30. Nxc6 Nxb6 31. Nxd8 Be4 32. Nd4 Na4 33. f3 Ba8 34. Nb5 d5 35. Nc7 Nb6 36. Kf2 g6 37. Ke3 Kf8 38. Nxa8 Nxa8 39. Nc6 Nc7 40. Nb4 Ke7 1/2-1/2